|
|
|
|
| LEADER |
01018nam a2200241 a 4500 |
| 001 |
00025892 |
| 008 |
120812s2012 enka b 001 0 eng d |
| 020 |
|
|
|a 9780194422833
|
| 040 |
|
|
|a BD-DhAAL
|c BD-DhAAL
|
| 082 |
0 |
4 |
|a 372.6521044
|2 22
|
| 100 |
1 |
|
|a Hudson,Thom.
|
| 245 |
1 |
0 |
|a Teaching second language reading /
|c Thom Hudson
|
| 260 |
|
|
|a Oxford :
|b Oxford University Press,
|c 2012
|
| 300 |
|
|
|a x, 350 p. :
|b ill. ;
|c 25 cm.
|
| 490 |
1 |
|
|a Oxford handbooks for language teachers
|
| 500 |
|
|
|a Previously published: c2007.
|
| 504 |
|
|
|a Includes bibliographical references (p. [303]-341) and index.
|
| 541 |
|
|
|a 00025892
|
| 650 |
|
0 |
|a English language
|x Study and teaching (Elementary)
|x Foreign speakers.
|
| 650 |
|
0 |
|a Language and languages
|x Study and teaching.
|
| 852 |
1 |
|
|a Ayesha Abed Library
|j General shelf
|
| 999 |
|
|
|c 12758
|d 12758
|
| 952 |
|
|
|0 0
|1 0
|4 0
|6 372_652104400000000_HUD
|7 0
|9 21015
|a BRACUL
|b BRACUL
|c GEN
|d 2012-08-12
|e Karim International
|g 707.55
|l 1
|m 7
|o 372.6521044 HUD
|p 3010025892
|r 2014-08-25
|s 2012-09-12
|t 1
|w 2012-08-12
|y BK
|